Statistics for Montreal City Trivia

Click here to take the quiz!

General Stats

  • This quiz has been taken 161 times
  • The average score is 12 of 20

Answer Stats

QuestionAnswer% Correct
In what Canadian province is Montreal located?Quebec
100%
What event did Montreal host in 1976?Summer Olympics
95%
What entertainment company, based in Montreal, is world's largest
contemporary circus producer?
Cirque du {Soleil}
91%
What Montreal-native sang songs such as "My Heart Will Go On" and "Think Twice"?Celine Dion
89%
The largest international comedy festival in the worldJust for {Laughs}
83%
What is the name of the NHL Hockey team of Montreal?Canadiens
82%
At the confluence of what two rivers is the Greater Montreal located?St. Lawrence
81%
After what small hill is Montreal named?Mount Royal
76%
What is the main airport of Montreal?Montreal-{Trudeau}
66%
What is the most populous city in Montreal metropolitan area after Montreal itself?Laval
61%
What auto-racing championship has Montreal been hosting since 2016?Canadian Grand Prix
60%
By what name was Montreal founded in 1642?Ville-{Marie}
59%
What is the airport code of the above?YUL
56%
What is the name of the island on which Montreal is mainly located?Montreal
54%
What event, also known as International Expo, did Montreal host in 1967?World's Fair
47%
At the confluence of what two rivers is the Greater Montreal located?Ottawa
33%
What American writer dubbed Montreal as "The City of a Hundred Steeples" in 1881?Mark Twain
28%
What indie rock band's songs include "My Body Is a Cage" and "The Suburbs"?Arcade Fire
26%
What 6-times Art Ross Trophy winner is nicknamed "The Magnificent One"?Mario Lemieux
21%
What is the name of the oldest street in Montreal?
(Namesake of a state capital in Midwestern US)
Saint-Paul
19%

Score Distribution

Percentile by Number Answered

Percent of People with Each Score

Your Score History

You have not taken this quiz